Aerografía artística (Record no. 39972)

MARC details
000 -LEADER
campo de control de longitud fija 00636nam a2200169 i 4500
001 - NÚMERO DE CONTROL
campo de control 39972
003 - IDENTIFICADOR DE NÚMERO DE CONTROL
campo de control ES-MaACL
005 - FECHA Y HORA DE LA ÚLTIMA TRANSACCIÓN
campo de control 20230906160119.0
007 - CAMPO FIJO DE DESCRIPCIÓN FÍSICA--INFORMACIÓN GENERAL
campo de control de longitud fija t|
008 - DATOS DE LONGITUD FIJA--INFORMACIÓN GENERAL
campo de control de longitud fija 030304s1947 sp ||||1| spa d
100 1# - ENTRADA PRINCIPAL--NOMBRE DE PERSONA
Nombre de persona Carroll-Tobias, J.
9 (RLIN) 35849
245 10 - MENCIÓN DEL TÍTULO
Título Aerografía artística
Resto del título : manual de aerografía para uso de pintores, fotográfos y dibujantes /
Mención de responsabilidad, etc. J. Carroll-Tobias ; versión española de la tercera edición norteamericana por J. Company Bueno.
260 ## - PUBLICACIÓN, DISTRIBUCIÓN, ETC.
Lugar de publicación, distribución, etc. Barcelona :
Nombre del editor, distribuidor, etc. Reverté,
Fecha de publicación, distribución, etc. 1947 (
Fabricante Yuste)
300 ## - DESCRIPCIÓN FÍSICA
Extensión 167 p., 6 lám. ;
Dimensiones 26 cm.
700 1# - ENTRADA AGREGADA--NOMBRE PERSONAL
Nombre de persona Company Bueno, José.
9 (RLIN) 40040
852 ## - LOCALIZACIÓN
Ubicación ES-MaACL
Número de control de estantería C-5217
Sublocalización o colección R.25352
Holdings
Estatus retirado Estado de pérdida Estado de daño No para préstamo Biblioteca de origen Biblioteca actual Ubicación en estantería Fecha de adquisición Fuente de adquisición Total de préstamos Signatura topográfica completa Código de barras Visto por última vez Precio de reemplazo Tipo de ítem Koha
        Biblioteca del Ateneo de Madrid Biblioteca del Ateneo de Madrid Sala Palomar 17/01/2008     C-5217 1042089 23/02/2023 23/02/2023 Libro impreso